| 000 | 00456 a2200145 4500 | ||
|---|---|---|---|
| 999 |
_c2463 _d2463 |
||
| 020 | _a9780702180156 | ||
| 050 | _aLB 1044.88 ELS 2009 | ||
| 100 |
_aEls, Stefan _eAuthor |
||
| 245 |
_aEarly childhood development : _bFET NQF level 2: student book / _cStefan Els |
||
| 264 |
_aCape Town: _bJuta and Company, _c2009 |
||
| 300 |
_axii,164p. : _bill. |
||
| 500 | _aIncluding bibliography | ||
| 650 | _aEarly chidhood development | ||
| 942 |
_2lcc _cBK _h1044.88 _iELS _kLB |
||